Valoración de la solución inalámbrica WI-FI como una solución alternativa de sistemas inalámbricos de tercera generación para transmisión de datos de alta velocidad

में बचाया:
ग्रंथसूची विवरण
मुख्य लेखक: Bustamante Carmona, Ronald, 1965-
अन्य लेखक: Rivero González, Guillermo, 1961- Director del TFG
स्वरूप: पुस्तक
प्रकाशित: [San José, Costa Rica] 2006
विषय:
टैग: टैग जोड़ें
कोई टैग नहीं, इस रिकॉर्ड को टैग करने वाले पहले व्यक्ति बनें!

MARC

LEADER 00000nam a2200000Ia 4500
003 009701
005 20240320091533.0
008 140114s2006 cr a m 000 ||s d
040 |c cru CEDI  
090 |a TFG 5232 
100 |a Bustamante Carmona, Ronald, 1965-  |9 2726 
245 |a Valoración de la solución inalámbrica WI-FI como una solución alternativa de sistemas inalámbricos de tercera generación para transmisión de datos de alta velocidad  
260 |a  [San José, Costa Rica]  |c 2006 
300 |a  xvi, 122 hojas : ilustraciones (algunas a color), 1 mapa color  
500 |a  Tesis (licenciatura en ingeniería eléctrica)--Universidad de Costa Rica. Facultad de Ingeniería. Escuela de Ingeniería Eléctrica 
501 |a Director de Tesis de Graduación: Ing. Guillermo Rivero González, M.Sc. 
650 |x SISTEMAS DE COMUNICACION INALAMBRICA   |x SISTEMAS MOVILES DE COMUNICACION   |x SISTEMAS DE TRANSMISION DE DATOS  |9 5640 
700 |a Rivero González, Guillermo, 1961-  |d Director del TFG  |9 363 
942 |c TFG  |h TFG 5232  |i 009701  |6 TFG_5232_009701000000000 
999 |c 17192  |d 17192